Online
Catalog

El cuerpo de la patria : (Record no. 56650)

MARC details
000 -CABECERA
campo de control de longitud fija 02051nam a22003857i 4500
003 - IDENTIFICADOR DEL NÚMERO DE CONTROL
campo de control DO-SdBNP
005 - FECHA Y HORA DE LA ÚLTIMA TRANSACCIÓN
campo de control 20240614143053.0
007 - CAMPO FIJO DE DESCRIPCIÓN FÍSICA--INFORMACIÓN GENERAL
campo de control de longitud fija ta
008 - DATOS DE LONGITUD FIJA--INFORMACIÓN GENERAL
campo de control de longitud fija 240513b2010 dr ||||| |||| 00| 0 spa d
020 ## - NÚMERO INTERNACIONAL ESTÁNDAR DEL LIBRO
Número Internacional Estándar del Libro 978932766127
040 ## - FUENTE DE LA CATALOGACIÓN
Centro catalogador/agencia de origen DO-SdBNP
Lengua de catalogación spa
Centro/agencia transcriptor BNPHU
Normas de descripción rda
082 04 - NÚMERO DE LA CLASIFICACIÓN DECIMAL DEWEY
Número de edición 22
Número de clasificación 972.93
Número de documento/Ítem A465c
100 1# - ENTRADA PRINCIPAL--NOMBRE DE PERSONA
Nombre de persona Altagracia Espada, Carlos D.
9 (RLIN) 85509
245 10 - MENCIÓN DE TÍTULO
Título El cuerpo de la patria :
Resto del título intelectuales, imaginación geográfica y paisaje de la frontera en la República Dominicana durante la Era de Trujillo /
Mención de responsabilidad, etc. Carlos D. Altagracia Espada ; introducción Denis Cosgrove.
250 ## - MENCIÓN DE EDICIÓN
Mención de edición Primera edición
264 ## - PRODUCCIÓN, PUBLICACIÓN, DISTRIBUCIÓN, FABRICACIÓN Y COPYRIGHT
Producción, publicación, distribución, fabricación y copyright [Puerto Rico?] :
Nombre del de productor, editor, distribuidor, fabricante Librería La Tertulia;
-- Centro de Investigación y Creación; Centro de Estudios Iberoamericanos,
Fecha de producción, publicación, distribución, fabricación o copyright ©2010.
300 ## - DESCRIPCIÓN FÍSICA
Extensión 235 páginas ;
Dimensiones 22 cm.
336 ## - TIPO DE CONTENIDO
Fuente rdacontent
Término de tipo de contenido Texto
Código de tipo de contenido txt
337 ## - TIPO DE MEDIO
Fuente rdamedia
Nombre/término del tipo de medio sin mediación
Código del tipo de medio n
338 ## - TIPO DE SOPORTE
Fuente rdacarrier
Nombre/término del tipo de soporte volumen
Código del tipo de soporte nc
500 ## - NOTA GENERAL
Nota general Incluye referencias bibliográficas y notas al pie de las páginas.
500 ## - NOTA GENERAL
Nota general Incluye breves datos biográficos del autor en la solapa de la contracubierta.
505 0# - NOTA DE CONTENIDO CON FORMATO
Nota de contenido con formato Agradecimientos --
Título Introducción –
-- Espacios de poder paisajes fronteras y naciones –
-- Tiempo nación y geografía fronteriza en las narraciones históricas de Manuel Arturo Peña Batlle –
-- Biología, biografía y paisaje fronterizo en Joaquín Balague –
-- Viajes y exilios a la frontera en Freddy Prestol Castillo y Ramon Marrero Aristy --
590 ## - NOTA LOCAL (RLIN)
Nota local Inventariado, 2024 /LP
650 #4 - PUNTO DE ACCESO ADICIONAL DE MATERIA--TÉRMINO DE MATERIA
Término de materia o nombre geográfico como elemento de entrada Dictadura de Trujillo
9 (RLIN) 85510
650 #4 - PUNTO DE ACCESO ADICIONAL DE MATERIA--TÉRMINO DE MATERIA
Término de materia o nombre geográfico como elemento de entrada Historia de República Dominicana
Subdivisión cronológica Siglo XX
9 (RLIN) 85511
650 #4 - PUNTO DE ACCESO ADICIONAL DE MATERIA--TÉRMINO DE MATERIA
Término de materia o nombre geográfico como elemento de entrada Territorios y fronteras de Republica Dominicana
9 (RLIN) 85512
651 #4 - PUNTO DE ACCESO ADICIONAL DE MATERIA--NOMBRE GEOGRÁFICO
Nombre geográfico República Dominicana
Subdivisión general Limite-Haiti
9 (RLIN) 85513
651 #4 - PUNTO DE ACCESO ADICIONAL DE MATERIA--NOMBRE GEOGRÁFICO
Nombre geográfico Haiti-Limite
Subdivisión geográfica República Dominicana
9 (RLIN) 85514
651 #4 - PUNTO DE ACCESO ADICIONAL DE MATERIA--NOMBRE GEOGRÁFICO
Nombre geográfico República Dominicana
Subdivisión general Relaciones con Haiti
9 (RLIN) 14468
651 #4 - PUNTO DE ACCESO ADICIONAL DE MATERIA--NOMBRE GEOGRÁFICO
Nombre geográfico Haiti
Subdivisión general Relaciones con República Dominicana
9 (RLIN) 85515
700 1# - PUNTO DE ACCESO ADICIONAL--NOMBRE DE PERSONA
Nombre de persona Cosgrove, Denis,
Término indicativo de función/relación introducción
9 (RLIN) 85516
910 ## - DATOS DE OPCIÓN DEL USUARIO (OCLC)
Datos de opción del usuario LP/Validado. control de calidad/MAA
942 ## - ELEMENTOS DE PUNTO DE ACCESO ADICIONAL (KOHA)
Fuente del sistema de clasificación o colocación Dewey Decimal Classification
Tipo de ítem Koha Libro
Holdings
Estado de retiro Estado de pérdida Fuente del sistema de clasificación o colocación No para préstamo Código de colección Localización permanente Ubicación/localización actual Ubicación en estantería Fecha de adquisición Fuente de adquisición Total de préstamos Signatura topográfica completa Código de barras Fecha visto por última vez Precio válido a partir de Tipo de ítem Koha
    Dewey Decimal Classification   Patrimonio Dominicano Biblioteca Nacional Pedro Henríquez Ureña Biblioteca Nacional Pedro Henríquez Ureña Depósito 13.05.2024 Donado por Emilio Cordero Michel   BNPHU PD 972.93 A465c 2024-2920 13.05.2024 13.05.2024 Libro

Powered by Koha